000 00612nam a2200205Ia 4500
003 GCL
008 140319s9999 xx 000 0 ara d
040 _aGCL /
_cGCL
082 0 4 _a811.4
_bط ب
100 1 _aطه الحاجرى
245 1 0 _aبشار بن برد /
_cطه الحاجرى
300 _a92 ص
490 _aنوابغ الفكر العربى
_v0
650 0 4 _aالادب العربى
650 0 4 _aالشعراء العرب
650 0 4 _aالشعر العربى - تاريخ ونقد
650 0 4 _aبشار بن برد
650 0 4 _aالشعر العربى - تاريخ
942 _2ddc
_cBK
999 _c47381
_d47381